[Event "IECC CL8-2002.08"]
[Site "IECC email"]
[Date "2002.07.18"]
[Round "?"]
[White "Mitchell, TT."]
[Black "Bress, Robert"]
[Result "1-0"]
[WhiteElo "852"]
[BlackElo "1000"]
[PlyCount "57"]
[EventDate "2002.??.??"]
[EventType "tourn (corr)"]
[EventRounds "4"]
[SourceTitle "Corr 2008"]
[Source "ChessBase"]
[SourceDate "2008.06.24"]
[SourceVersion "1"]
[SourceVersionDate "2008.06.24"]
[SourceQuality "1"]

1. e4 e5 2. Nf3 Nf6 3. Nxe5 Nxe4 4. Qe2 Nd6 5. Nc6+ Be7 6. Nxd8 Kxd8 7. Qg4 g6 8. Qd4 Re8 9. Nc3 Bf6+ 10. Qe3 Rxe3+ 11. dxe3 Bxc3+ 12. bxc3 Ne4 13. Bb2 d5 14. f3 Nc5 15. 0-0-0 Be6 16. c4 Kc8 17. cxd5 Bd7 18. h4 Nba6 19. Bd4 Na4 20. g4 Nb4 21. Kb1 Nxd5 22. Ka1 b6 23. Bc4 Nb4 24. Kb1 c5 25. Be5 f5 26. h5 g5 27. Rd6 Kb7 28. Rxd7+ Kc8 29. Be6 1-0